000 00615nam a2200181 i 4500
001 52513
003 ES-MaACL
005 20230906162609.0
007 t|
008 030829s1902 fr ||||1| fre d
100 1 _aChejov, Anton Pavlovich.
_938315
245 1 3 _aUn meurtre /
_cAnton Tchekhov ; traduit du russe par Claire Ducreux ; préface de André Beaunier.
260 _aParis :
_bEdit. de la Revue Blanche,
_c[1902] (
_fP. Mouillot)
300 _a271 p. ;
_c19 cm.
700 1 _aDucreux, Claire.
_945851
700 1 _aBeaunier, André.
_926834
852 _aES-MaACL
_jG-3418
_q. - Encuadernado con otras obras
999 _c52513
_d52513